| 000 | 00537 a2200193 4500 | ||
|---|---|---|---|
| 005 | 20260226110152.0 | ||
| 008 | 260226b |||||||| |||| 00| 0 eng d | ||
| 020 |
_a9789393168504 _cRs. 495.00 |
||
| 040 | _aMAIN | ||
| 082 |
_a591.7 _bR186A |
||
| 100 | _aRastogi, Veer Bala | ||
| 245 | _aAnimal ecology and distribution of animals | ||
| 260 |
_bMedtech Science Press _c2023 _aNew Delhi |
||
| 300 | _ax, 557 | ||
| 650 | _aAnimals- Geographical Distribution | ||
| 650 | _aZoogeography | ||
| 650 | _aHabitat (Ecology) | ||
| 942 | _cBK | ||
| 999 |
_c395171 _d395171 |
||